[Event "76. Campeonato de Alemania"]
[Site "Altenkirchen GER"]
[Date "2005.02.23"]
[Round "6.2"]
[White "Bischoff, Klaus"]
[Black "Gustafsson, Jan"]
[Result "1/2-1/2"]
[WhiteElo "2555"]
[BlackElo "2616"]
[PlyCount "120"]
[EventDate "2005.02.18"]
[EventType "swiss"]
[EventRounds "9"]
[EventCountry "GER"]
[Source "lmi"]
[SourceDate "2005.02.23"]

1. Nf3 d5 2. e3 Nf6 3. b3 Bg4 4. Bb2 e6 5. h3 Bh5 6. d3 Nbd7 7. Nbd2 h6 8. Be2
c6 9. a3 Bd6 10. Ra2 Qe7 11. Qa1 O-O 12. g4 Bg6 13. Rg1 e5 14. h4 h5 15. gxh5
Nxh5 16. d4 e4 17. Ne5 Nhf6 18. c4 Bh5 19. Bf1 Bxe5 20. dxe5 Ng4 21. cxd5 cxd5
22. Bd4 Qxh4 23. Rg3 Rae8 24. Rc2 Ndxe5 25. Bxe5 Rxe5 26. Be2 Rg5 27. Bxg4 Rxg4
28. Nf1 Rxg3 29. Nxg3 Bg4 30. Kd2 Qh2 31. Qe1 Rc8 32. Rxc8+ Bxc8 33. Ne2 Bd7
34. Kc3 Qc7+ 35. Kb2 a5 36. a4 b5 37. axb5 Bxb5 38. Nd4 Bd7 39. Qg1 Qb6 40. Qg5
Qf6 41. Qxf6 gxf6 42. Kc3 Kf8 43. b4 axb4+ 44. Kxb4 Ke7 45. Kc5 Be6 46. Ne2 f5
47. Kd4 Kf6 48. Nf4 Kg5 49. Nh3+ Kg4 50. Nf4 Kf3 51. Nh5 Kxf2 52. Nf4 Kf3 53.
Nh5 Bc8 54. Nf4 Bb7 55. Nh5 Bc6 56. Nf4 f6 57. Ne6 Be8 58. Nf4 Bf7 59. Nh3 Kg3
60. Nf4 Kf3 1/2-1/2

[Event "76. Campeonato de Alemania"]
[Site "Altenkirchen GER"]
[Date "2005.02.23"]
[Round "6.4"]
[White "Braun, Arik"]
[Black "Baramidze, David"]
[Result "1/2-1/2"]
[WhiteElo "2463"]
[BlackElo "2550"]
[PlyCount "38"]
[EventDate "2005.02.18"]
[EventType "swiss"]
[EventRounds "9"]
[EventCountry "GER"]
[Source "lmi"]
[SourceDate "2005.02.23"]

1. d4 d5 2. c4 e6 3. Nc3 Be7 4. Nf3 Nf6 5. cxd5 exd5 6. Bg5 c6 7. Qc2 g6 8. e3
Bf5 9. Bd3 Bxd3 10. Qxd3 Nbd7 11. Bh6 Bf8 12. Bg5 Be7 13. Bh6 Ng4 14. Bf4 O-O
15. h3 Ngf6 16. O-O Nb6 17. Ne5 Nfd7 18. Nxd7 Qxd7 19. Rad1 Rfe8 1/2-1/2

[Event "76. Campeonato de Alemania"]
[Site "Altenkirchen GER"]
[Date "2005.02.23"]
[Round "6.5"]
[White "Degitiarev, Jewgenij"]
[Black "Kritz, Leonid"]
[Result "0-1"]
[WhiteElo "2297"]
[BlackElo "2547"]
[PlyCount "104"]
[EventDate "2005.02.18"]
[EventType "swiss"]
[EventRounds "9"]
[EventCountry "GER"]
[Source "lmi"]
[SourceDate "2005.02.23"]

1. d4 Nf6 2. c4 e6 3. Nc3 Bb4 4. e3 O-O 5. Bd3 d5 6. a3 Bxc3+ 7. bxc3 dxc4 8.
Bxc4 c5 9. Ne2 Qc7 10. Ba2 b6 11. O-O Ba6 12. Re1 Nc6 13. Ng3 Rfd8 14. Nh5 Nxh5
15. Qxh5 Na5 16. d5 e5 17. e4 Bc4 18. f4 exf4 19. Qf3 Qe7 20. e5 Qb7 21. d6
Qxf3 22. gxf3 g5 23. h4 h6 24. Kh2 f6 25. Re4 Bxa2 26. Rxa2 fxe5 27. Rxe5 Nb3
28. Rc2 Rxd6 29. hxg5 Nxc1 30. Rxc1 hxg5 31. Rxg5+ Kf7 32. Kh3 Re8 33. a4 Re2
34. a5 Kf6 35. Rh5 Kg6 36. Rh4 Rf6 37. axb6 axb6 38. Rg1+ Kf5 39. Rh5+ Ke6 40.
Rb1 Kd7 41. Rh4 Kc6 42. Kg4 Rg2+ 43. Kh5 Rg3 44. Rf1 Rf5+ 45. Kh6 Kd5 46. Rg4
Kc4 47. Kg6 Rf8 48. Kg7 Rb8 49. Kf7 Rxg4 50. fxg4 Kxc3 51. Ke6 c4 52. Kd5 Rd8+
0-1

[Event "76. Campeonato de Alemania"]
[Site "Altenkirchen GER"]
[Date "2005.02.23"]
[Round "6.7"]
[White "Rabiega, Robert"]
[Black "Wisnewski, Christoph"]
[Result "1/2-1/2"]
[WhiteElo "2539"]
[BlackElo "2401"]
[PlyCount "43"]
[EventDate "2005.02.18"]
[EventType "swiss"]
[EventRounds "9"]
[EventCountry "GER"]
[Source "lmi"]
[SourceDate "2005.02.23"]

1. e4 c5 2. Nf3 e6 3. c3 Nf6 4. e5 Nd5 5. Bc4 Nc6 6. O-O d6 7. d4 cxd4 8. cxd4
Be7 9. Qe2 Nb6 10. Bb3 Na5 11. exd6 Qxd6 12. Bc2 Bd7 13. Nc3 Rc8 14. Ne5 Nac4
15. Nxd7 Qxd7 16. Rd1 Bb4 17. Ne4 Nd5 18. Bb3 b5 19. a3 Be7 20. a4 O-O 21. axb5
Qxb5 22. Bxc4 1/2-1/2

[Event "76. Campeonato de Alemania"]
[Site "Altenkirchen GER"]
[Date "2005.02.23"]
[Round "6.8"]
[White "Sprenger, Jan Michael"]
[Black "Fish, Gennadij"]
[Result "1/2-1/2"]
[WhiteElo "2491"]
[BlackElo "2523"]
[PlyCount "79"]
[EventDate "2005.02.18"]
[EventType "swiss"]
[EventRounds "9"]
[EventCountry "GER"]
[Source "lmi"]
[SourceDate "2005.02.23"]

1. e4 c5 2. Nf3 e6 3. d4 cxd4 4. Nxd4 a6 5. Nc3 Qc7 6. Bd3 Nf6 7. Qe2 Nc6 8.
Nxc6 dxc6 9. e5 Nd5 10. Nxd5 cxd5 11. Bd2 Bd7 12. O-O-O Be7 13. f4 h5 14. g4
hxg4 15. Qxg4 g6 16. Kb1 O-O-O 17. h4 Rh5 18. Rh3 Bc6 19. Be3 d4 20. Bf2 Kb8
21. Qg1 Bc5 22. Be2 Rf5 23. Qh2 Be4 24. Bg4 Bb6 25. Bg1 Rc8 26. Bxf5 Bxf5 27.
Rhd3 Bxd3 28. Rxd3 Qc4 29. Qd2 Qd5 30. Bxd4 Bxd4 31. Rxd4 Qh1+ 32. Qd1 Qxh4 33.
b3 Qf2 34. Rd8 Rxd8 35. Qxd8+ Ka7 36. Qc7 Qxf4 37. Qc5+ Kb8 38. Qf8+ Ka7 39.
Qc5+ Kb8 40. Qf8+ 1/2-1/2

[Event "76. Campeonato de Alemania"]
[Site "Altenkirchen GER"]
[Date "2005.02.23"]
[Round "6.9"]
[White "Meister, Jakob"]
[Black "Meier, Georg"]
[Result "1/2-1/2"]
[WhiteElo "2519"]
[BlackElo "2372"]
[PlyCount "48"]
[EventDate "2005.02.18"]
[EventType "swiss"]
[EventRounds "9"]
[EventCountry "GER"]
[Source "lmi"]
[SourceDate "2005.02.23"]

1. d4 e6 2. c4 b6 3. e4 Bb7 4. f3 f5 5. exf5 Nh6 6. fxe6 Nf5 7. Ne2 Bd6 8. h4
O-O 9. Bg5 Qe8 10. Qd3 h6 11. Bd2 Qxe6 12. Nbc3 Nc6 13. Ne4 Nb4 14. Qb3 a5 15.
Nxd6 Nxd4 16. Qc3 Nbc2+ 17. Kd1 Qxd6 18. Rc1 Nxe2 19. Bxe2 Nd4 20. c5 Nxe2 21.
cxd6 Nxc3+ 22. Bxc3 cxd6 23. Kd2 Bd5 24. a3 Rfe8 1/2-1/2

[Event "76. Campeonato de Alemania"]
[Site "Altenkirchen GER"]
[Date "2005.02.23"]
[Round "6.10"]
[White "Meins, Gerlef"]
[Black "Kraemer, Martin"]
[Result "0-1"]
[WhiteElo "2440"]
[BlackElo "2357"]
[PlyCount "50"]
[EventDate "2005.02.18"]
[EventType "swiss"]
[EventRounds "9"]
[EventCountry "GER"]
[Source "lmi"]
[SourceDate "2005.02.23"]

1. d4 Nf6 2. c4 e6 3. g3 c5 4. Nf3 cxd4 5. Nxd4 Qc7 6. Nc3 Bb4 7. Qd3 Nc6 8.
Ndb5 Qa5 9. Bf4 e5 10. Bg5 a6 11. Nd6+ Bxd6 12. Bxf6 Bb4 13. Bxg7 Rg8 14. Bh6
d5 15. Bd2 dxc4 16. Qxh7 Ne7 17. Bh3 Bxh3 18. Qxh3 Rd8 19. O-O-O Rd4 20. Qh7
Rg6 21. f4 Rxd2 22. Kxd2 Bxc3+ 23. bxc3 Rd6+ 24. Ke1 Rxd1+ 25. Kxd1 Qd5+ 0-1

[Event "76. Campeonato de Alemania"]
[Site "Altenkirchen GER"]
[Date "2005.02.23"]
[Round "6.11"]
[White "Tischbierek, Raj"]
[Black "Hort, Vlastimil"]
[Result "1/2-1/2"]
[WhiteElo "2477"]
[BlackElo "2515"]
[PlyCount "66"]
[EventDate "2005.02.18"]
[EventType "swiss"]
[EventRounds "9"]
[EventCountry "GER"]
[Source "lmi"]
[SourceDate "2005.02.23"]

1. e4 c6 2. d4 d5 3. Nc3 dxe4 4. Nxe4 Nd7 5. Ng5 Ngf6 6. Bd3 Nb6 7. N1f3 Bg4 8.
h3 Bxf3 9. Nxf3 g6 10. O-O Bg7 11. Bf4 O-O 12. c4 Nbd7 13. Qc2 Re8 14. Rad1 e6
15. Rfe1 a5 16. a4 Qb6 17. Bf1 Qa7 18. Be3 b6 19. g3 Rac8 20. Bg2 Bf8 21. Ne5
Nxe5 22. dxe5 Nd7 23. f4 Qc7 24. h4 Red8 25. Kh2 Bc5 26. Bc1 Nf8 27. Qe4 Rxd1
28. Rxd1 Rd8 29. Rd3 Rd7 30. Be3 Rxd3 31. Qxd3 Qd7 32. Qxd7 Nxd7 33. Bxc6 Bxe3
1/2-1/2

[Event "76. Campeonato de Alemania"]
[Site "Altenkirchen GER"]
[Date "2005.02.23"]
[Round "6.12"]
[White "Schunk, Thomas"]
[Black "Henrichs, Thomas"]
[Result "1-0"]
[WhiteElo "2280"]
[BlackElo "2407"]
[PlyCount "63"]
[EventDate "2005.02.18"]
[EventType "swiss"]
[EventRounds "9"]
[EventCountry "GER"]
[Source "lmi"]
[SourceDate "2005.02.23"]

1. c4 e5 2. Nc3 Bb4 3. g3 Bxc3 4. dxc3 d6 5. Bg2 Ne7 6. Nf3 Nbc6 7. b3 O-O 8.
O-O f6 9. Ne1 Be6 10. e4 Qd7 11. Qe2 a6 12. f3 b5 13. cxb5 axb5 14. Qb2 Na5 15.
Be3 c5 16. Rf2 Qc7 17. Rd1 Nac6 18. Rfd2 Rfd8 19. Bf1 Rab8 20. Nd3 c4 21. Nc1
d5 22. exd5 Nxd5 23. Bf2 b4 24. Ne2 cxb3 25. axb3 Nxc3 26. Nxc3 Rxd2 27. Qxd2
bxc3 28. Qxc3 Rxb3 29. Qc5 Rb7 30. Rd6 Bd7 31. Rxd7 Qxd7 32. Bc4+ 1-0

[Event "76. Campeonato de Alemania"]
[Site "Altenkirchen GER"]
[Date "2005.02.23"]
[Round "6.13"]
[White "Breutigam, Martin"]
[Black "Leiber, Bernhard"]
[Result "1-0"]
[WhiteElo "2403"]
[BlackElo "2230"]
[PlyCount "101"]
[EventDate "2005.02.18"]
[EventType "swiss"]
[EventRounds "9"]
[EventCountry "GER"]
[Source "lmi"]
[SourceDate "2005.02.23"]

1. d4 Nf6 2. c4 e6 3. Nc3 Bb4 4. Bg5 h6 5. Bh4 c5 6. d5 d6 7. e3 Bxc3+ 8. bxc3
e5 9. Qc2 Nbd7 10. Nf3 Qa5 11. Nd2 b5 12. cxb5 g5 13. Nc4 Qc7 14. Bg3 Nb6 15.
Nxb6 axb6 16. c4 Ra3 17. Bd3 Qa7 18. O-O Qa4 19. Qe2 Bg4 20. f3 Bh5 21. Bc2 Qa7
22. Bb3 Ne4 23. Bxe5 dxe5 24. g4 Nd6 25. gxh5 O-O 26. Kh1 Qe7 27. Rg1 Kh8 28.
Qb2 Ra7 29. Qc3 f6 30. Bc2 e4 31. f4 Rg8 32. fxg5 Rxg5 33. Rxg5 hxg5 34. Rf1
Kg7 35. h6+ Kg6 36. h7 Ra8 37. Bd1 Rh8 38. Bg4 Rxh7 39. Be6 Rh8 40. a4 Rf8 41.
Ra1 Qc7 42. Rf1 Qe7 43. Rf2 Qh7 44. Kg1 Qh5 45. Rf1 Qe2 46. a5 bxa5 47. b6 Kg7
48. h4 gxh4 49. Rf2 Qd3 50. Rg2+ Kh6 51. Qe1 1-0

[Event "76. Campeonato de Alemania"]
[Site "Altenkirchen GER"]
[Date "2005.02.23"]
[Round "6.14"]
[White "Deglmann, Ludwig"]
[Black "Solonar, Stephan"]
[Result "1/2-1/2"]
[WhiteElo "2361"]
[BlackElo "2393"]
[PlyCount "36"]
[EventDate "2005.02.18"]
[EventType "swiss"]
[EventRounds "9"]
[EventCountry "GER"]
[Source "lmi"]
[SourceDate "2005.02.23"]

1. d4 Nf6 2. Nf3 d6 3. h3 Nbd7 4. Bf4 g6 5. e3 Bg7 6. Be2 O-O 7. O-O Qe8 8. c4
e5 9. Bh2 e4 10. Nfd2 Qe7 11. Nc3 Re8 12. Nb5 Qd8 13. c5 a6 14. Qa4 Nxc5 15.
dxc5 Bd7 16. cxd6 axb5 17. Qc2 cxd6 18. Nb3 Qb6 1/2-1/2

[Event "76. Campeonato de Alemania"]
[Site "Altenkirchen GER"]
[Date "2005.02.23"]
[Round "6.15"]
[White "Schulz, Karsten"]
[Black "Schlosser, Philipp"]
[Result "1/2-1/2"]
[WhiteElo "2310"]
[BlackElo "2570"]
[PlyCount "26"]
[EventDate "2005.02.18"]
[EventType "swiss"]
[EventRounds "9"]
[EventCountry "GER"]
[Source "lmi"]
[SourceDate "2005.02.23"]

1. Nf3 c5 2. e3 Nf6 3. d4 e6 4. Bd3 Nc6 5. O-O d5 6. b3 Bd6 7. Bb2 O-O 8. c4
Qe7 9. Nc3 Rd8 10. Qe2 cxd4 11. exd4 Ba3 12. Bxa3 Qxa3 13. c5 a6 1/2-1/2

[Event "76. Campeonato de Alemania"]
[Site "Altenkirchen GER"]
[Date "2005.02.23"]
[Round "6.16"]
[White "Pajeken, Wolfgang"]
[Black "Bastian, Herbert"]
[Result "1/2-1/2"]
[WhiteElo "2354"]
[BlackElo "2400"]
[PlyCount "123"]
[EventDate "2005.02.18"]
[EventType "swiss"]
[EventRounds "9"]
[EventCountry "GER"]
[Source "lmi"]
[SourceDate "2005.02.23"]

1. d4 Nf6 2. c4 g6 3. Nc3 Bg7 4. Nf3 O-O 5. e4 d6 6. Be2 Nc6 7. O-O e5 8. d5
Ne7 9. Ne1 Ne8 10. Nd3 f5 11. f4 c6 12. fxe5 cxd5 13. exf5 Bxf5 14. exd6 Qxd6
15. cxd5 Nxd5 16. Qb3 Qb6+ 17. Qxb6 Nxb6 18. g4 Be6 19. Rxf8+ Kxf8 20. Bg5 Rc8
21. Rf1+ Kg8 22. Nf4 Bf7 23. Bf3 Rc5 24. Be7 Re5 25. Bd8 Nc4 26. Bxb7 Ne3 27.
Rf3 Nxg4 28. Bd5 Rf5 29. Kg2 Nd6 30. Bc7 Nc4 31. Kg3 Nge5 32. Rf2 Ne3 33. Bxf7+
Rxf7 34. Ne6 Nf5+ 35. Kh3 Nc4 36. Nxg7 Kxg7 37. Bf4 Rd7 38. Rf3 Nd2 39. Rf2
Rd3+ 40. Bg3 Nc4 41. Ne4 h6 42. Nc5 Rd5 43. b4 g5 44. Kg2 a5 45. a3 Kg6 46. Ra2
Kh5 47. Bf2 Kg4 48. Re2 Kh5 49. bxa5 Nxa5 50. a4 Nh4+ 51. Bxh4 Kxh4 52. Ne6 Kg4
53. Ng7 Kf4 54. Nh5+ Kf5 55. Ng3+ Kf6 56. Rb2 Nc4 57. Rf2+ Kg6 58. Re2 Ra5 59.
Re6+ Kg7 60. Rc6 Rxa4 61. Nf5+ Kf8 62. Rxh6 1/2-1/2

[Event "76. Campeonato de Alemania"]
[Site "Altenkirchen GER"]
[Date "2005.02.23"]
[Round "6.17"]
[White "Alber, Horst"]
[Black "Asendorf, Joachim"]
[Result "1/2-1/2"]
[WhiteElo "2387"]
[BlackElo "2282"]
[PlyCount "119"]
[EventDate "2005.02.18"]
[EventType "swiss"]
[EventRounds "9"]
[EventCountry "GER"]
[Source "lmi"]
[SourceDate "2005.02.23"]

1. d4 d5 2. Bg5 h6 3. Bh4 c6 4. e3 Qb6 5. Qc1 Bf5 6. Nf3 e6 7. Be2 Be7 8. c4
dxc4 9. Bxe7 Nxe7 10. Nbd2 Nd7 11. Nxc4 Qc7 12. O-O O-O 13. b4 Nd5 14. Qb2 N7b6
15. Rac1 Qe7 16. a3 Nxc4 17. Bxc4 Nb6 18. Ba2 a6 19. Rfe1 Rfd8 20. e4 Bh7 21.
Ne5 Rd6 22. Rcd1 Rad8 23. Bb3 f6 24. Nf3 Kh8 25. Rc1 R6d7 26. Rc5 g5 27. h3 Bg8
28. a4 Qg7 29. g3 Re7 30. Rcc1 Bf7 31. Kg2 Bg6 32. Qa2 Rde8 33. Re2 Qh7 34.
Rce1 Bf7 35. Qc2 Nd7 36. Nd2 Nb6 37. Qc5 Nc8 38. Qc3 Qg7 39. b5 axb5 40. axb5
cxb5 41. Qc5 Rd8 42. e5 f5 43. d5 exd5 44. Nf3 Be8 45. Nd4 Rc7 46. Qb4 Qe7 47.
Qd2 Bh5 48. Nxf5 Qa3 49. e6 d4 50. Re3 Qf8 51. e7 Nxe7 52. Rxe7 Rxe7 53. Nxe7
Qf3+ 54. Kg1 Qxb3 55. Qa5 Re8 56. Qb6 Qf7 57. Qxh6+ Qh7 58. Ng6+ Bxg6 59. Rxe8+
Bxe8 60. Qf8+ 1/2-1/2

[Event "76. Campeonato de Alemania"]
[Site "Altenkirchen GER"]
[Date "2005.02.23"]
[Round "6.18"]
[White "Schunk, Eduard"]
[Black "Reuss, Andreas"]
[Result "0-1"]
[WhiteElo "2337"]
[BlackElo "2370"]
[PlyCount "96"]
[EventDate "2005.02.18"]
[EventType "swiss"]
[EventRounds "9"]
[EventCountry "GER"]
[Source "lmi"]
[SourceDate "2005.02.23"]

1. e4 c6 2. d4 d5 3. e5 Bf5 4. Be3 e6 5. Nd2 c5 6. Ngf3 c4 7. b3 b5 8. bxc4
bxc4 9. Be2 Nc6 10. O-O h6 11. Ne1 Bb4 12. Rb1 Nge7 13. g4 Bg6 14. f4 Bc3 15.
Ndf3 Be4 16. Nh4 h5 17. gxh5 Rb8 18. Nef3 Rxb1 19. Qxb1 Qb6 20. Kf2 Rxh5 21.
Qxb6 axb6 22. Rb1 Ba5 23. Ng2 Bxc2 24. Rc1 Bf5 25. h4 Rh8 26. Nge1 Kd7 27. Nc2
b5 28. Na3 Rb8 29. h5 b4 30. Nxc4 dxc4 31. Bxc4 Bg4 32. Rg1 Bxh5 33. Rxg7 Nf5
34. Rh7 Bg6 35. Rh1 Nxe3 36. Kxe3 Ne7 37. Rd1 Bc2 38. Rc1 Nf5+ 39. Kf2 Ba4 40.
d5 Bb6+ 41. Ke2 Rc8 42. dxe6+ Ke7 43. Kd3 Bb5 44. Nd2 fxe6 45. Rb1 Rd8+ 46. Ke2
Rxd2+ 47. Kxd2 Bxc4 48. Rxb4 Ba5 0-1

[Event "76. Campeonato de Alemania"]
[Site "Altenkirchen GER"]
[Date "2005.02.23"]
[Round "6.20"]
[White "Namyslo, Holger"]
[Black "Scherer, Max"]
[Result "0-1"]
[WhiteElo "2314"]
[BlackElo "2325"]
[PlyCount "120"]
[EventDate "2005.02.18"]
[EventType "swiss"]
[EventRounds "9"]
[EventCountry "GER"]
[Source "lmi"]
[SourceDate "2005.02.23"]

1. e4 e6 2. d4 b6 3. Nf3 Bb7 4. Bd3 c5 5. c3 Nf6 6. Qe2 Be7 7. O-O Nc6 8. a3 d5
9. e5 Nd7 10. Re1 Qc7 11. b4 c4 12. Bc2 a6 13. a4 Nf8 14. Na3 Nb8 15. h4 Nbd7
16. Ng5 h6 17. Nh3 O-O-O 18. Qf3 f6 19. exf6 gxf6 20. Nf4 Qd6 21. Qg4 f5 22.
Qe2 Bxh4 23. Nxe6 Re8 24. Bxf5 Nxe6 25. Bxe6 Rhf8 26. Qe5 Bxf2+ 27. Kh1 Qxe5
28. Rxe5 Bg3 29. Bxh6 Rh8 30. Bxd7+ Kxd7 31. Rh5 Re6 32. Nc2 Rexh6 33. Rxh6
Rxh6+ 34. Kg1 Kd6 35. Ne3 Bc8 36. Nf1 Bf4 37. g3 Bg5 38. a5 bxa5 39. Rxa5 Re6
40. Kf2 Re4 41. Ra2 Kc6 42. Ra5 Bb7 43. Ra2 Kb5 44. Nh2 Bd8 45. Nf3 Bc7 46. Nd2
Re7 47. Nf1 Bc6 48. Kf3 Re1 49. Ne3 Rc1 50. Nc2 Kb6 51. g4 Bd7 52. Rb2 Be6 53.
Ra2 Bd6 54. Rb2 Rg1 55. Ne3 Rg3+ 56. Kf2 Rh3 57. Rb1 Bf4 58. Ng2 Bg3+ 59. Kg1
Bxg4 60. Rf1 Bh2+ 0-1

[Event "76. Campeonato de Alemania"]
[Site "Altenkirchen GER"]
[Date "2005.02.23"]
[Round "6.21"]
[White "Ljubarskij, Juri"]
[Black "Heidorn, Oliver"]
[Result "1-0"]
[WhiteElo "2348"]
[BlackElo "2111"]
[PlyCount "35"]
[EventDate "2005.02.18"]
[EventType "swiss"]
[EventRounds "9"]
[EventCountry "GER"]
[Source "lmi"]
[SourceDate "2005.02.23"]

1. e4 c5 2. Nc3 Nc6 3. f4 e6 4. Nf3 d5 5. Bb5 d4 6. Ne2 Nf6 7. Bxc6+ bxc6 8. d3
Qa5+ 9. Bd2 Qb6 10. b3 Be7 11. O-O Nd7 12. Qe1 a5 13. a4 Nb8 14. Ne5 Bd8 15.
Nc4 Qc7 16. e5 f5 17. exf6 gxf6 18. Ng3 1-0

[Event "76. Campeonato de Alemania"]
[Site "Altenkirchen GER"]
[Date "2005.02.23"]
[Round "6.22"]
[White "Dresen, Ulrich"]
[Black "Schmidt, Reiner"]
[Result "1-0"]
[WhiteElo "2322"]
[BlackElo "2183"]
[PlyCount "93"]
[EventDate "2005.02.18"]
[EventType "swiss"]
[EventRounds "9"]
[EventCountry "GER"]
[Source "lmi"]
[SourceDate "2005.02.23"]

1. d4 Nf6 2. c4 g6 3. Nc3 Bg7 4. e4 d6 5. Bd3 O-O 6. Nge2 Nc6 7. O-O Nh5 8. Be3
e5 9. d5 Nd4 10. Qd2 f5 11. exf5 gxf5 12. f3 c5 13. Rab1 Kh8 14. b4 b6 15. bxc5
bxc5 16. Kh1 Bf6 17. Nd1 Rg8 18. Nf2 Bh4 19. Nh3 f4 20. Bxd4 cxd4 21. Neg1 Qf6
22. Qc2 Rg7 23. Rb2 Bd7 24. Rfb1 Rag8 25. Rb8 Bc8 26. c5 dxc5 27. Qxc5 Bf5 28.
Bxf5 Qxf5 29. d6 Nf6 30. Rxg8+ Rxg8 31. Rb2 d3 32. Nf2 Qg6 33. Nfh3 Qf5 34. Nf2
Qg6 35. Nfh3 Be1 36. Qxe5 d2 37. Nxf4 Qg7 38. Rb1 Rc8 39. Ne6 Re8 40. d7 Qxd7
41. Qxf6+ Kg8 42. Nd4 Bf2 43. Nf5 h6 44. Qg6+ Kf8 45. Qxh6+ Kf7 46. Nd6+ Ke7
47. Qxd2 1-0

[Event "76. Campeonato de Alemania"]
[Site "Altenkirchen GER"]
[Date "2005.02.23"]
[Round "6.23"]
[White "Schinke, Andreas"]
[Black "Bischoff, Dieter"]
[Result "1-0"]
[WhiteElo "2191"]
[BlackElo "2145"]
[PlyCount "75"]
[EventDate "2005.02.18"]
[EventType "swiss"]
[EventRounds "9"]
[EventCountry "GER"]
[Source "lmi"]
[SourceDate "2005.02.23"]

1. Nf3 Nf6 2. c4 g6 3. Nc3 Bg7 4. e4 d6 5. Be2 O-O 6. O-O c5 7. d4 cxd4 8. Nxd4
Nbd7 9. Be3 Nc5 10. f3 Ne6 11. Nb3 b6 12. Rc1 Bb7 13. Qd2 Re8 14. Rfd1 Rc8 15.
Bf1 Qc7 16. Nd5 Qb8 17. Qf2 Nc5 18. Nd4 e5 19. Nxf6+ Bxf6 20. Ne2 Ne6 21. b3
Bg5 22. g3 Bxe3 23. Qxe3 Rcd8 24. Bh3 Qc7 25. Bxe6 Rxe6 26. Nc3 Kh8 27. Rd2 f5
28. Rcd1 Qe7 29. Nd5 Qf7 30. Kg2 Rf8 31. Nc3 Rf6 32. Nd5 fxe4 33. Nxf6 exf3+
34. Kf2 Qxf6 35. Rxd6 Qf5 36. Qh6 e4 37. Qxf8+ Qxf8 38. Rd8 1-0

[Event "76. Campeonato de Alemania"]
[Site "Altenkirchen GER"]
[Date "2005.02.24"]
[Round "7.2"]
[White "Kritz, Leonid"]
[Black "Khenkin, Igor"]
[Result "1-0"]
[WhiteElo "2547"]
[BlackElo "2604"]
[PlyCount "127"]
[EventDate "2005.02.18"]
[EventType "swiss"]
[EventRounds "9"]
[EventCountry "GER"]
[Source "lmi"]
[SourceDate "2005.02.23"]

1. e4 c6 2. Nc3 d5 3. d4 dxe4 4. Nxe4 Bf5 5. Ng3 Bg6 6. h4 h6 7. Nf3 Nd7 8. h5
Bh7 9. Bd3 Bxd3 10. Qxd3 e6 11. Bf4 Qa5+ 12. Bd2 Qc7 13. O-O-O Ngf6 14. Ne4
O-O-O 15. g3 Nxe4 16. Qxe4 Bd6 17. c4 c5 18. d5 Nf6 19. Qc2 exd5 20. cxd5 Rhe8
21. Bc3 Qd7 22. Bxf6 gxf6 23. Kb1 f5 24. Nh4 Re5 25. f4 Re4 26. g4 Rxf4 27.
Nxf5 Rxg4 28. Rhf1 Rg5 29. Nxh6 Rxh5 30. Nxf7 Rg8 31. Qc3 Rh2 32. Nxd6+ Qxd6
33. Rf6 Qe7 34. d6 Qe4+ 35. Kc1 Qb4 36. Qxb4 cxb4 37. Rf4 Rd8 38. Rxb4 Rh6 39.
Rc4+ Kb8 40. Rcd4 a5 41. Kc2 Ka7 42. Kb3 Kb6 43. d7 Rh2 44. Rc1 Rh7 45. Rd6+
Ka7 46. Rcd1 b6 47. Kc4 Ka6 48. R1d2 Rg7 49. a3 Rh7 50. b3 Rg7 51. a4 Rh7 52.
R2d5 Rh4+ 53. Kc3 Rh3+ 54. Kb2 Rh2+ 55. Ka3 Rhh8 56. Rb5 Rb8 57. Kb2 Rhd8 58.
Rbd5 Rb7 59. Kc3 Rc7+ 60. Kd4 Rc1 61. Ke5 Kb7 62. Rd1 Rc2 63. R1d2 Rc1 64. Kf6
1-0

[Event "76. Campeonato de Alemania"]
[Site "Altenkirchen GER"]
[Date "2005.02.24"]
[Round "7.3"]
[White "Baramidze, David"]
[Black "Bischoff, Klaus"]
[Result "1-0"]
[WhiteElo "2550"]
[BlackElo "2555"]
[PlyCount "73"]
[EventDate "2005.02.18"]
[EventType "swiss"]
[EventRounds "9"]
[EventCountry "GER"]
[Source "lmi"]
[SourceDate "2005.02.23"]

1. e4 c5 2. Nf3 e6 3. d4 cxd4 4. Nxd4 Nf6 5. Bd3 Nc6 6. Nxc6 bxc6 7. O-O d5 8.
Nd2 a5 9. c4 a4 10. Qe2 Be7 11. Nf3 O-O 12. Rd1 Bb7 13. Bd2 Nd7 14. Rac1 Bf6
15. cxd5 cxd5 16. Bb4 Re8 17. Bb5 Be7 18. Bxe7 Rxe7 19. Nd4 Nf6 20. exd5 Nxd5
21. Nc6 Bxc6 22. Bxc6 Ra5 23. Qg4 h5 24. Qxh5 Rc7 25. Qe5 Rc8 26. h3 Qb6 27.
Bxd5 Rxc1 28. Rxc1 Rxd5 29. Rc8+ Kh7 30. Qe4+ f5 31. Qh4+ Kg6 32. Qg3+ Kh7 33.
Qg5 f4 34. Qh4+ Kg6 35. Qxf4 Qxb2 36. Qg4+ Kh7 37. Qxe6 1-0

[Event "76. Campeonato de Alemania"]
[Site "Altenkirchen GER"]
[Date "2005.02.24"]
[Round "7.4"]
[White "Luther, Thomas"]
[Black "Braun, Arik"]
[Result "1/2-1/2"]
[WhiteElo "2543"]
[BlackElo "2463"]
[PlyCount "76"]
[EventDate "2005.02.18"]
[EventType "swiss"]
[EventRounds "9"]
[EventCountry "GER"]
[Source "lmi"]
[SourceDate "2005.02.23"]

1. e4 e6 2. d4 d5 3. Nc3 Nf6 4. e5 Nfd7 5. f4 c5 6. Nf3 Nc6 7. Be3 a6 8. Qd2 b5
9. a3 Qb6 10. Ne2 b4 11. axb4 cxb4 12. g4 b3 13. c3 Qb7 14. f5 Nb6 15. Ng3 Nc4
16. Bxc4 dxc4 17. O-O Ne7 18. f6 gxf6 19. Nh5 Nd5 20. Ra5 Be7 21. Nxf6+ Bxf6
22. exf6 Bd7 23. Rc5 Nxf6 24. Bg5 Ne4 25. Qf4 Rg8 26. Rc7 Qd5 27. h4 Rc8 28.
Nd2 Nxg5 29. hxg5 Rxc7 30. Qxf7+ Kd8 31. Qxg8+ Be8 32. Rf8 Re7 33. Nf3 a5 34.
Ne5 a4 35. Nf7+ Kd7 36. Ne5+ Kd8 37. Nf7+ Kd7 38. Ne5+ Kd8 1/2-1/2

[Event "76. Campeonato de Alemania"]
[Site "Altenkirchen GER"]
[Date "2005.02.24"]
[Round "7.6"]
[White "Breutigam, Martin"]
[Black "Rabiega, Robert"]
[Result "1/2-1/2"]
[WhiteElo "2403"]
[BlackElo "2539"]
[PlyCount "97"]
[EventDate "2005.02.18"]
[EventType "swiss"]
[EventRounds "9"]
[EventCountry "GER"]
[Source "lmi"]
[SourceDate "2005.02.23"]

1. d4 d5 2. c4 e6 3. Nc3 Nf6 4. cxd5 exd5 5. Bg5 Be7 6. e3 O-O 7. Qc2 Nbd7 8.
Bd3 Re8 9. Nge2 c6 10. O-O Nf8 11. Rad1 Be6 12. f3 Rc8 13. Kh1 a6 14. a3 N6d7
15. Bf4 c5 16. Qd2 c4 17. Bb1 b5 18. e4 Nb6 19. Be3 Qd7 20. e5 a5 21. f4 Bg4
22. Rde1 b4 23. axb4 axb4 24. Nd1 Bf5 25. Bxf5 Qxf5 26. Ng3 Qd7 27. f5 c3 28.
bxc3 bxc3 29. Qe2 c2 30. Nf2 Nc4 31. Bf4 Bh4 32. Nd3 Nd6 33. Nc5 Qb5 34. Qxc2
Bxg3 35. Bxg3 Ne4 36. Qd1 Nxc5 37. dxc5 Rxc5 38. h3 Rc3 39. Kh2 Qc4 40. Rf4 Qd3
41. Rf3 Qxd1 42. Rxd1 Rxf3 43. gxf3 g6 44. fxg6 hxg6 45. Rxd5 Ne6 46. Ra5 Rc8
47. Ra2 Rc3 48. Kg2 g5 49. h4 1/2-1/2